00491nam a2200133Ia 4500008004100000040004400041100002700085245009800112250001600210260003900226300005400265700002300319999001500342180412s9999||||xx |||||||||||||| ||und|| aAhmadu Bello University Library - Zaria aHoughton, Edward Lewis 0aAerodynamics for engineering students. SI units.cEdward Lewis Houghton and Alan Edward Brock a\\a2nd ed. aLondonbEdward Arnoldc1972 (1960) aviii, 458p.: ill., diagr., table., fronts, illus. aBrock, Alan Edward c7859d7859